| 000 | 00632nmm a2200253 a 4500 | ||
|---|---|---|---|
| 003 | AR-BaBNM | ||
| 005 | 20251128205328.0 | ||
| 008 | 051020s1995 ||||||||||||||000 | spa|| | ||
| 020 | _a0-19-432607-1 | ||
| 040 | _cAR-BaBNM | ||
| 100 | 1 | _aBazo, P. | |
| 245 | 1 | 0 |
_aFanfare _bteacher's book _n3 |
| 260 |
_aOxford _bOxford University Press _c1995 |
||
| 300 |
_a198 p. _bil. |
||
| 650 | 4 | _aENSENANZA DE IDIOMAS | |
| 650 | 4 | _aINGLES | |
| 650 | 4 | _aGUIA DEL DOCENTE | |
| 650 | 4 | _aLIBROS DE TEXTO | |
| 653 | _aEDUCACION GENERAL BASICA | ||
| 700 | 1 | _aHernández, M.R. | |
| 700 | 1 | _aPeñate, M. | |
| 942 | _cBK | ||
| 998 | _cRAQUEL | ||
| 999 |
_c10945 _d10945 |
||